Finančno-ekonomická analýza podniku v praxi
Na minha lista:
| Autor principal: | |
|---|---|
| Formato: | Livro |
| Idioma: | eslovaco |
| Publicado em: |
Bratislava
IRIS
2006
|
| Assuntos: | |
| Tags: |
Sem tags, seja o primeiro a adicionar uma tag!
|
MARC
| LEADER | 00000nam$a2200000$$$4500 | ||
|---|---|---|---|
| 001 | 0055576 | ||
| 005 | 20240314092954.8 | ||
| 020 | |a 80-89238-09-2 | ||
| 041 | 0 | |a slo | |
| 044 | |a SK | ||
| 245 | 1 | 0 | |a Finančno-ekonomická analýza podniku v praxi |c Dušan Baran a kolektív |
| 264 | 1 | |a Bratislava |b IRIS |c 2006 | |
| 300 | |a 132 s. | ||
| 610 | 2 | 0 | |a analýza finančná |
| 610 | 2 | 0 | |a analýza ekonomická |
| 610 | 2 | 0 | |a podnik |
| 610 | 2 | 0 | |a rozhodovanie podnikové |
| 610 | 2 | 0 | |a zdroje informácií |
| 610 | 2 | 0 | |a závierka účtovná |
| 610 | 2 | 0 | |a ukazovatele |
| 610 | 2 | 0 | |a likvidita |
| 610 | 2 | 0 | |a cash flow |
| 610 | 2 | 0 | |a súvaha |
| 610 | 2 | 0 | |a výkaz ziskov a strát |
| 610 | 2 | 0 | |a hodnota pridaná ekonomická |
| 610 | 2 | 0 | |a testy |
| 610 | 2 | 0 | |a metóda Altmanova |
| 610 | 2 | 0 | |a modely podniku |
| 100 | 1 | |a Baran, Dušan | |